<?xml version="1.0" encoding="UTF-8"?>
<record
    xmlns:xsi="http://www.w3.org/2001/XMLSchema-instance"
    xsi:schemaLocation="http://www.loc.gov/MARC21/slim http://www.loc.gov/standards/marcxml/schema/MARC21slim.xsd"
    xmlns="http://www.loc.gov/MARC21/slim">

  <leader>01384nam a22002177a 4500</leader>
  <controlfield tag="008">100629t2000    xxu||||| |||| 00| 0 ara d</controlfield>
  <datafield tag="082" ind1=" " ind2=" ">
    <subfield code="2">22</subfield>
    <subfield code="b">&#x643; &#x644; &#x64A;</subfield>
    <subfield code="a">382.1</subfield>
  </datafield>
  <datafield tag="100" ind1="1" ind2=" ">
    <subfield code="9">15447</subfield>
    <subfield code="a">&#x643;&#x644;&#x64A;&#x641;&#x644;&#x627;&#x646;&#x62F;&#x60C; &#x647;&#x627;&#x631;&#x644;&#x627;&#x646;</subfield>
  </datafield>
  <datafield tag="245" ind1=" " ind2=" ">
    <subfield code="a">&#x645;&#x64A;&#x644;&#x627;&#x62F; &#x639;&#x627;&#x644;&#x645; &#x62C;&#x62F;&#x64A;&#x62F; :</subfield>
    <subfield code="b">(&#x641;&#x631;&#x635;&#x629; &#x645;&#x62A;&#x627;&#x62D;&#x629; &#x644;&#x642;&#x64A;&#x627;&#x62F;&#x629; &#x639;&#x627;&#x644;&#x645;&#x64A;&#x629;) /</subfield>
    <subfield code="c">&#x647;&#x627;&#x631;&#x644;&#x627;&#x646; &#x643;&#x644;&#x64A;&#x641;&#x644;&#x627;&#x646;&#x62F;&#x61B; &#x62A;&#x642;&#x62F;&#x64A;&#x645; &#x631;&#x648;&#x628;&#x631;&#x62A; &#x645;&#x627;&#x643;&#x646;&#x645;&#x627;&#x631;&#x61B; &#x62A;&#x631;&#x62C;&#x645;&#x629; &#x62C;&#x645;&#x627;&#x644; &#x639;&#x644;&#x64A; &#x632;&#x647;&#x631;&#x627;&#x646;&#x61B; &#x645;&#x631;&#x627;&#x62C;&#x639;&#x629; &#x645;&#x62D;&#x645;&#x648;&#x62F; &#x625;&#x633;&#x645;&#x627;&#x639;&#x64A;&#x644; &#x645;&#x62D;&#x645;&#x62F; .</subfield>
  </datafield>
  <datafield tag="260" ind1=" " ind2=" ">
    <subfield code="a">&#x627;&#x644;&#x642;&#x627;&#x647;&#x631;&#x629; :</subfield>
    <subfield code="b">&#x627;&#x644;&#x645;&#x643;&#x62A;&#x628;&#x629; &#x627;&#x644;&#x623;&#x643;&#x627;&#x62F;&#x64A;&#x645;&#x64A;&#x629; &#x60C;</subfield>
    <subfield code="c">2000.</subfield>
  </datafield>
  <datafield tag="300" ind1=" " ind2=" ">
    <subfield code="a">358 &#x635; :</subfield>
    <subfield code="c">24 &#x633;&#x645;.</subfield>
  </datafield>
  <datafield tag="500" ind1=" " ind2=" ">
    <subfield code="a">Birth of a New World: An Open Moment for International Leadership by Harlan Cleveland forword by Robert S. McNamara Authorized translation from the English Language edition published by Jossey Inc., Publishers.</subfield>
  </datafield>
  <datafield tag="541" ind1=" " ind2=" ">
    <subfield code="a">&#x623;&#x644;&#x641; &#x628;&#x627;&#x621; &#x61B;</subfield>
    <subfield code="c">&#x634;&#x631;&#x627;&#x621; &#x61B;</subfield>
  </datafield>
  <datafield tag="650" ind1="0" ind2=" ">
    <subfield code="9">15470</subfield>
    <subfield code="a">&#x627;&#x644;&#x639;&#x644;&#x627;&#x642;&#x627;&#x62A; &#x627;&#x644;&#x627;&#x642;&#x62A;&#x635;&#x627;&#x62F;&#x64A;&#x629; &#x627;&#x644;&#x62F;&#x648;&#x644;&#x64A;&#x629;</subfield>
  </datafield>
  <datafield tag="650" ind1="0" ind2=" ">
    <subfield code="9">15471</subfield>
    <subfield code="a">&#x627;&#x644;&#x62A;&#x639;&#x627;&#x648;&#x646; &#x627;&#x644;&#x62F;&#x648;&#x644;&#x64A;</subfield>
  </datafield>
  <datafield tag="700" ind1="1" ind2=" ">
    <subfield code="9">15449</subfield>
    <subfield code="a">&#x645;&#x627;&#x643;&#x646;&#x645;&#x627;&#x631;&#x60C; &#x631;&#x648;&#x628;&#x631;&#x62A;</subfield>
    <subfield code="e">&#x62A;&#x642;&#x62F;&#x64A;&#x645;</subfield>
  </datafield>
  <datafield tag="700" ind1="1" ind2=" ">
    <subfield code="9">15450</subfield>
    <subfield code="a">&#x632;&#x647;&#x631;&#x627;&#x646;&#x60C; &#x62C;&#x645;&#x627;&#x644; &#x639;&#x644;&#x649;</subfield>
    <subfield code="e">&#x62A;&#x631;&#x62C;&#x645;&#x629;</subfield>
  </datafield>
  <datafield tag="700" ind1="1" ind2=" ">
    <subfield code="9">15451</subfield>
    <subfield code="a">&#x645;&#x62D;&#x645;&#x62F;&#x60C; &#x645;&#x62D;&#x645;&#x648;&#x62F; &#x625;&#x633;&#x645;&#x627;&#x639;&#x64A;&#x644;</subfield>
    <subfield code="e">&#x645;&#x631;&#x627;&#x62C;&#x639;&#x629;</subfield>
  </datafield>
  <datafield tag="942" ind1=" " ind2=" ">
    <subfield code="2">ddc</subfield>
    <subfield code="c">BB</subfield>
  </datafield>
  <datafield tag="999" ind1=" " ind2=" ">
    <subfield code="c">14289</subfield>
    <subfield code="d">14289</subfield>
  </datafield>
  <datafield tag="952" ind1=" " ind2=" ">
    <subfield code="0">0</subfield>
    <subfield code="1">0</subfield>
    <subfield code="2">ddc</subfield>
    <subfield code="4">0</subfield>
    <subfield code="7">0</subfield>
    <subfield code="8">Alef-Baa</subfield>
    <subfield code="a">MAIN</subfield>
    <subfield code="b">MAIN</subfield>
    <subfield code="c">1ST</subfield>
    <subfield code="d">2010-06-29</subfield>
    <subfield code="e">purchase</subfield>
    <subfield code="o">382.1 &#x643;&#x644;&#x64A;</subfield>
    <subfield code="p">000021136</subfield>
    <subfield code="r">2025-07-15 00:00:00</subfield>
    <subfield code="y">BB</subfield>
  </datafield>
</record>
